| 000 | 00460nam a2200181Ia 4500 | ||
|---|---|---|---|
| 001 | 19228 | ||
| 005 | 20260306171728.0 | ||
| 008 | 260306s9999||||xx |||||||||||||| ||und|| | ||
| 041 | _aESP | ||
| 082 |
_a658.81 _bB33 |
||
| 100 |
_aVendeuvre, F. _eAUT |
||
| 245 | 0 |
_aConseguir nuevos clientes: _bclaves para una buena prospección eficaz |
|
| 260 | _c2001 | ||
| 300 |
_a262 páginas : _c22 cm |
||
| 650 | _aGEN | ||
| 654 | _aCAN | ||
| 942 |
_cLIB _dJUS _fJUS _2ddc _n |
||
| 999 |
_c19228 _d19228 |
||